| 000 | 01332njm a22002777a 4500 | ||
|---|---|---|---|
| 005 | 20100914100343.0 | ||
| 007 | sd ammalaaahaa | ||
| 008 | 100914t xxu||||| |||| 00| 0 hin d | ||
| 028 |
_aEMOE 2357 _bODEON |
||
| 035 | _aGR-02318 | ||
| 040 | _aSED/VEN | ||
| 100 |
_919851 _aBhosle, Asha |
||
| 245 |
_aMadhosh / _cby Asha Bhosl & R. D. Burman ; lyric by Majrooh _h[sound recording] : |
||
| 246 | _aमदहोश (आशा भोसले ) | ||
| 260 |
_aDum Dum India _bODEON _c1973 |
||
| 300 |
_a1 sound recording [Gramophone record] : _banalog, 45/1/3 _c7 in. _fGramophone Record |
||
| 500 | _aBrief Record | ||
| 500 | _aODEON | ||
| 500 | _aBlack | ||
| 505 | _aGulabi chehra part 1(Madhosh) (Asha bhosle & R. D. Burman ) गुलाबी चेहरा पार्ट १ (मदहोश ) (आशा भोसले &र. डी. बर्मन ) Qasam khao tum ek bar part 2 (Madhosh) (Asha Bhosle & Kishore Kumar) क़सम खाओ तुम एक बार पार्ट २ (मदहोश ) (आशा भोसले & किशोरे कुमार ) | ||
| 650 |
_aClasical Music _xExcerts _zIndia _919852 _vFilmi Song |
||
| 700 |
_919876 _aBurman, R. D. |
||
| 700 |
_aMajrooh _919904 |
||
| 942 |
_2ddc _cGR |
||
| 999 |
_c45655 _d45655 |
||